00544nam a2200181Ia 450000500170000000800410001702000150005808200190007310000140009224500660010626000350017230000170020765000100022465000120023494200060024695200950025299900150034720250106014939.0240331s9999 xx 000 0 und d a0140271716 bBUT25719a305 aButalia,U 4aThe Other Side of SilencebVoices from the Partition of India aNew DelhibPenguin Booksc1998 axii, 371 p., aWomen aHistory cL 001040708LaWERCLbWERCLcSSCd2024-03-31l0o 305 BUTp5719r2024-03-31w2024-03-31yL c4464d4464